Mikroekonomie : základní kurz /

Hlavní autor: Pavelka, Tomáš, 1975-
Jazyk: Čeština
Vydáno: Praha : Vysoká škola ekonomie a managementu, 2010
Vydání: 2., aktualiz. vyd.
Edice: Edice učebních textů. Ekonomie
Témata:
Fyzický popis: 290 s. : il. ; 30 cm
Knihy
Uloženo v:
LEADER 01362cam a2200385 a 4500
001 nkc20102114863
003 CZ PrNK
005 20110202080855.0
007 ta
008 100518s2010 xr a e p 000 0 cze d
015 |a cnb002114863 
020 |a 978-80-86730-52-3  |q (brož.) 
035 |a (OCoLC)703548073 
040 |a KLG001  |b cze  |d OLA001 
072 7 |a 33  |x Ekonomie  |2 Konspekt  |9 4 
072 7 |a 37.016  |x Učební osnovy. Vyučovací předměty. Učebnice  |2 Konspekt  |9 22 
080 |a 330.101.542  |2 MRF 
080 |a (075.8)  |2 MRF 
100 1 |a Pavelka, Tomáš,  |d 1975-  |7 mzk2004248647  |4 aut 
245 1 0 |a Mikroekonomie :  |b základní kurz /  |c Tomáš Pavelka 
250 |a 2., aktualiz. vyd. 
260 |a Praha :  |b Vysoká škola ekonomie a managementu,  |c 2010 
300 |a 290 s. :  |b il. ;  |c 30 cm 
490 1 |a Edice učebních textů. Ekonomie 
504 |a Obsahuje bibliografii 
650 0 7 |a mikroekonomie  |7 ph115305  |2 czenas 
650 0 9 |a microeconomics  |2 eczenas 
655 7 |a učebnice vysokých škol  |7 fd133772  |2 czenas 
655 9 |a textbooks (higher)  |2 eczenas 
810 2 |a Vysoká škola ekonomie a managementu.  |t Učební texty.  |p Ekonomie  |0 s 
910 2 |a BOA001  |b 4-1254.593 
990 |a BK 
995 |a 01 
991 |b 201101  |c NOV  |e n 
996 6 |b 2610459233  |c 4-1254.593  |l MZK  |r Sklad / do 1 hodiny  |n 20  |p p.v.  |w 001162973  |u 000010  |a 1  |e BOA001  |j MZK50  |s P